[Event "AUT_2BO_200607"]
[Site "6 810Zwettl,4 511Bruck/L,2"]
[Date "2006.11.05"]
[Round "5"]
[Board "5"]
[White "Heiny, Michael"]
[Black "Hechl, Gerald"]
[Result "1/2-1/2"]
[WhiteElo "1894"]
[BlackElo "2219"]
[PlyCount "108"]
[EventDate "2006.10.06"]
[EventType "team"]
[EventRounds "11"]
[EventCountry "AUT"]
[WhiteTeam "ASVOe Wulkaprodersdorf"]
[BlackTeam "SPG Data Technology Eichgraben/Pressbaum"]

1.Nf3 e6 2.g3 b5 3.Bg2 Bb7 4.O-O Nf6 5.d4 c5 6.c3 Be7 7.Bg5 cxd4 8.cxd4 O-O
9.Nc3 b4 10.Na4 d6 11.b3 h6 12.Bxf6 Bxf6 13.Rc1 Qa5 14.e3 Nd7 15.Qc2 Rac8 16.Qb1
Bc6 17.Ng5 hxg5 18.Rxc6 Rxc6 19.Bxc6 Qc7 20.Bxd7 Qxd7 21.Rc1 e5 22.dxe5 Bxe5
23.Qc2 Qg4 24.Nb2 d5 25.Nd3 Bc3 26.Nc5 d4 27.exd4 Re8 28.Qd3 Qxd4 29.Qxd4 Bxd4
30.Nd3 Re2 31.Rc4 Bb6 32.Rxb4 Rxa2 33.Rc4 Ra3 34.Rb4 Ra1+ 35.Kg2 Rd1 36.Ne5 Rd2
37.Nc4 Rxf2+ 38.Kg1 Rf6+ 39.Nxb6 Rxb6 40.Ra4 a6 41.b4 f5 42.Ra5 g6 43.g4 f4
44.Rxg5 Kf7 45.Ra5 Kf6 46.g5+ Ke6 47.Kf2 Rxb4 48.Rxa6+ Kf5 49.h4 Rb2+ 50.Kf3
Rb3+ 51.Kf2 Kg4 52.Rxg6 Rb2+ 53.Ke1 f3 54.Rf6 Kxh4

[Event "AUT_2BO_200607"]
[Site "6 810Zwettl,4 511Bruck/L,2"]
[Date "2006.11.05"]
[Round "5"]
[Board "1"]
[White "Hagara, Eduard"]
[Black "Blatny, Pavel"]
[Result "1-0"]
[WhiteElo "2383"]
[BlackElo "2447"]
[PlyCount "147"]
[EventDate "2006.10.06"]
[EventType "team"]
[EventRounds "11"]
[EventCountry "AUT"]
[WhiteTeam "ASVOe SK Lackenbach"]
[BlackTeam "SK Zwettl"]

1.e4 g6 2.d4 Bg7 3.c4 d6 4.Nc3 e5 5.Nf3 Nc6 6.d5 Nce7 7.c5 Nf6 8.Bb5+ Nd7 9.cxd6
cxd6 10.Be3 O-O 11.Nd2 f5 12.f3 Nf6 13.Be2 h5 14.Qb3 Kh7 15.O-O-O Neg8 16.Kb1
Bh6 17.Bxh6 Nxh6 18.h3 h4 19.Rhe1 Nh5 20.Nc4 Nf7 21.Ne3 Nf4 22.Bd3 Qg5 23.Qc2
Kh8 24.exf5 Nxd3 25.Qxd3 gxf5 26.f4 Qxf4 27.Rf1 Qg3 28.Rf3 e4 29.Nxe4 Qg6
30.Qd4+ Ne5 31.Nxd6 f4+ 32.Ka1 Qf6 33.Rf2 Ng6 34.Nec4 Qxd4 35.Rxd4 f3 36.b3 fxg2
37.Rxg2 Kh7 38.Nxc8 Raxc8 39.Ne5 Rf4 40.Rxf4 Nxf4 41.Rg4 Nxd5 42.Rxh4+ Kg7
43.Rd4 Nf6 44.Kb2 Re8 45.Ng4 Re2+ 46.Ka3 Re7 47.Nxf6 Kxf6 48.Ra4 a6 49.Rh4 Ke5
50.Rh6 Kd4 51.Kb4 Rd7 52.Rh4+ Kd3 53.Rc4 Rh7 54.h4 Rh5 55.Rg4 Rb5+ 56.Ka3 Rh5
57.Rb4 b5 58.Rg4 Kc3 59.Rf4 a5 60.Rg4 Rh7 61.Rg5 b4+ 62.Ka4 Rxh4 63.Rxa5 Kb2
64.Kb5 Rg4 65.Ra4 Rh4 66.Rxb4 Rh5+ 67.Ka4 Rh8 68.Rg4 Ra8+ 69.Kb5 Rb8+ 70.Kc6 Ka3
71.Ra4+ Kb2 72.b4 Rc8+ 73.Kb6 Rc4 74.Ka5

[Event "AUT_2BO_200607"]
[Site "6 810Zwettl,4 511Bruck/L,2"]
[Date "2006.11.05"]
[Round "5"]
[Board "2"]
[White "Holemar, David"]
[Black "Vass, Frantisek"]
[Result "1/2-1/2"]
[WhiteElo "2270"]
[BlackElo "2352"]
[PlyCount "103"]
[EventDate "2006.10.06"]
[EventType "team"]
[EventRounds "11"]
[EventCountry "AUT"]
[WhiteTeam "SK Zwettl"]
[BlackTeam "ASVOe SK Lackenbach"]

1.e4 e6 2.Nf3 d5 3.e5 c5 4.b4 cxb4 5.a3 Nc6 6.axb4 Bxb4 7.c3 Be7 8.d4 Bd7 9.Bd3
Na5 10.O-O b5 11.Ng5 Bxg5 12.Bxg5 Qxg5 13.Rxa5 Qd8 14.Ra6 Qc8 15.Ra2 Ne7 16.Qc2
g6 17.Qb3 a6 18.Qb4 Qd8 19.Nd2 Nc6 20.Qd6 Na5 21.Rfa1 Nb7 22.Qa3 Qb6 23.h4 Bc6
24.Nf3 h6 25.Nh2 Kd8 26.Ng4 h5 27.Nf6 Ra7 28.Kh2 Kc8 29.f3 Kb8 30.Qe7 Nd8
31.Qd6+ Kc8 32.Kh3 Nb7 33.Qa3 Rd8 34.g4 hxg4+ 35.fxg4 Kb8 36.h5 a5 37.Qb2 Nc5
38.dxc5 Qxc5 39.Qe2 gxh5 40.gxh5 d4 41.cxd4 Qxd4 42.Bxb5 Bxb5 43.Qxb5+ Rb7
44.Qxa5 Rb3+ 45.Kg2 Rg8+ 46.Nxg8 Qe4+ 47.Kf1 Rf3+ 48.Rf2 Qd3+ 49.Kg1 Rg3+ 50.Kh2
Rh3+ 51.Kg1 Rg3+ 52.Kh2

[Event "AUT_2BO_200607"]
[Site "6 810Zwettl,4 511Bruck/L,2"]
[Date "2006.11.05"]
[Round "5"]
[Board "3"]
[White "Ranits, Franz"]
[Black "Vyskocil, Neklan"]
[Result "0-1"]
[WhiteElo "2242"]
[BlackElo "2374"]
[PlyCount "72"]
[EventDate "2006.10.06"]
[EventType "team"]
[EventRounds "11"]
[EventCountry "AUT"]
[WhiteTeam "ASVOe SK Lackenbach"]
[BlackTeam "SK Zwettl"]

1.e4 c5 2.c3 Nf6 3.e5 Nd5 4.d4 cxd4 5.cxd4 b6 6.Nf3 e6 7.Nbd2 d6 8.Ne4 dxe5
9.dxe5 Bb4+ 10.Bd2 O-O 11.Bxb4 Nxb4 12.a3 Bb7 13.Qb1 Nd5 14.Neg5 g6 15.h4 Nd7
16.h5 Nxe5 17.Nxh7 Nxf3+ 18.gxf3 Kxh7 19.hxg6+ Kg7 20.Rh7+ Kf6 21.Qe4 Ke7 22.Bh3
Qd6 23.Rd1 Qc6 24.Qh4+ Nf6 25.g7 Rfd8 26.Rh8 Rxd1+ 27.Kxd1 Qxf3+ 28.Kd2 Qd5+
29.Kc1 Qc6+ 30.Kd2 Qd5+ 31.Kc1 Qe4 32.Qg3 Qe1+ 33.Kc2 Be4+ 34.Kb3 Qd1+ 35.Kb4
a5+ 36.Kb5 Qd5+

[Event "AUT_2BO_200607"]
[Site "6 810Zwettl,4 511Bruck/L,2"]
[Date "2006.11.05"]
[Round "5"]
[Board "5"]
[White "Kocsisek, Marcus"]
[Black "Janetschek, Karl"]
[Result "1-0"]
[WhiteElo "2216"]
[BlackElo "2289"]
[PlyCount "67"]
[EventDate "2006.10.06"]
[EventType "team"]
[EventRounds "11"]
[EventCountry "AUT"]
[WhiteTeam "ASVOe SK Lackenbach"]
[BlackTeam "SK Zwettl"]

1.d4 e6 2.Nf3 Nf6 3.e3 b6 4.Bd3 Bb7 5.Nbd2 c5 6.O-O Be7 7.b3 O-O 8.Bb2 Nc6 9.a3
d5 10.Qe2 Rc8 11.Ne5 cxd4 12.exd4 Nxe5 13.dxe5 Nd7 14.b4 a5 15.Qg4 axb4 16.axb4
Ra8 17.Nf3 Qc7 18.Ng5 Bxg5 19.Qxg5 Qc6 20.Bd4 Rfe8 21.f4 g6 22.h4 Rxa1 23.Rxa1
Ra8 24.Rxa8+ Bxa8 25.Qd8+ Kg7 26.g4 Nc5 27.bxc5 bxc5 28.f5 gxf5 29.gxf5 exf5
30.Qf6+ Qxf6 31.exf6+ Kg6 32.Bxc5 Kxf6 33.Bd4+ Ke6 34.Kg2

[Event "AUT_2BO_200607"]
[Site "6 810Zwettl,4 511Bruck/L,2"]
[Date "2006.11.05"]
[Round "5"]
[Board "6"]
[White "Hangweyrer, Roman"]
[Black "Olle, Peter"]
[Result "1-0"]
[WhiteElo "2188"]
[BlackElo "2185"]
[PlyCount "99"]
[EventDate "2006.10.06"]
[EventType "team"]
[EventRounds "11"]
[EventCountry "AUT"]
[WhiteTeam "SK Zwettl"]
[BlackTeam "ASVOe SK Lackenbach"]

1.c4 f5 2.Nf3 e6 3.g3 Nf6 4.Bg2 Be7 5.Nc3 O-O 6.O-O c6 7.d3 d5 8.e4 d4 9.Ne2
fxe4 10.dxe4 c5 11.e5 Nfd7 12.Nf4 Nb6 13.b3 Qe8 14.Nd2 Nc6 15.Nd3 a5 16.Ne4 Nd7
17.f4 Qg6 18.a3 Nd8 19.Qe2 Rb8 20.Bd2 b6 21.b4 b5 22.Ndxc5 Nxc5 23.bxc5 Bd7
24.Rfb1 Nb7 25.c6 Bxc6 26.cxb5 Bd5 27.Qd3 Rbc8 28.Rc1 Rxc1+ 29.Rxc1 Bxa3 30.Qxa3
Bxe4 31.Bxe4 Qxe4 32.Qe7 Nd8 33.Re1 Qa8 34.Ra1 Qe4 35.Re1 Qa8 36.Qd6 Re8 37.Qxd4
Nb7 38.Qb6 Qd8 39.Be3 Qd5 40.Qc6 Rd8 41.Bb6 Rd7 42.f5 Nd8 43.Bxd8 Qxc6 44.bxc6
Rxd8 45.fxe6 Rc8 46.Rf1 Rc7 47.Rb1 h5 48.Rb7 Rc8 49.c7 Kh7 50.e7

[Event "AUT_2BO_200607"]
[Site "6 810Zwettl,4 511Bruck/L,2"]
[Date "2006.11.05"]
[Round "5"]
[Board "1"]
[White "Denk, Adolf"]
[Black "Timoscenko, Gennadij"]
[Result "1/2-1/2"]
[WhiteElo "2294"]
[BlackElo "2495"]
[PlyCount "51"]
[EventDate "2006.10.06"]
[EventType "team"]
[EventRounds "11"]
[EventCountry "AUT"]
[WhiteTeam "St POelten"]
[BlackTeam "1 Wr NeustAedter SV"]

1.d4 Nf6 2.Nf3 g6 3.g3 Bg7 4.Bg2 O-O 5.O-O d5 6.c4 dxc4 7.Na3 Nc6 8.Nxc4 Be6
9.b3 Bd5 10.Bb2 a5 11.a4 Qb8 12.Nfe5 Bxg2 13.Kxg2 Nxe5 14.Nxe5 Rd8 15.Qc2 Nd7
16.Nf3 c6 17.Rfd1 e6 18.Ba3 Qa7 19.Rd3 Rac8 20.Rad1 b5 21.Qd2 Re8 22.Rc1 Qb6
23.Bc5 Qa6 24.Bd6 bxa4 25.bxa4 e5 26.dxe5

[Event "AUT_2BO_200607"]
[Site "6 810Zwettl,4 511Bruck/L,2"]
[Date "2006.11.05"]
[Round "5"]
[Board "2"]
[White "Schroll, Gerhard"]
[Black "Roehrl, Karl"]
[Result "1-0"]
[WhiteElo "2377"]
[BlackElo "2307"]
[PlyCount "74"]
[EventDate "2006.10.06"]
[EventType "team"]
[EventRounds "11"]
[EventCountry "AUT"]
[WhiteTeam "1 Wr NeustAedter SV"]
[BlackTeam "St POelten"]

1.c4 Nf6 2.Nc3 d6 3.g3 c6 4.Bg2 e5 5.Nf3 Nbd7 6.O-O Be7 7.h3 O-O 8.e4 Re8 9.d3
Bf8 10.Be3 Nc5 11.Qc2 h6 12.Rad1 Qc7 13.Rfe1 Ncd7 14.d4 b5 15.c5 dxc5 16.Nxe5
Nxe5 17.dxe5 Nd7 18.f4 c4 19.Qf2 a5 20.Re2 b4 21.Na4 c5 22.Red2 Qc6 23.e6 Qxe6
24.e5 Rb8 25.g4 Qe7 26.Bc6 Rd8 27.Rd6 g5 28.Nxc5 Nxc5 29.Bxc5 Rxd6 30.Bxd6 Qd8
31.Bd5 Bxd6 32.exd6 Be6 33.Bxe6 fxe6 34.Qe2 Qf6 35.fxg5 hxg5 36.Qxc4 Rf8 37.Rf1
Qe5

[Event "AUT_2BO_200607"]
[Site "6 810Zwettl,4 511Bruck/L,2"]
[Date "2006.11.05"]
[Round "5"]
[Board "3"]
[White "Winiwarter, Felix"]
[Black "Steiner, Bruno"]
[Result "0-1"]
[WhiteElo "2181"]
[BlackElo "2259"]
[PlyCount "71"]
[EventDate "2006.10.06"]
[EventType "team"]
[EventRounds "11"]
[EventCountry "AUT"]
[WhiteTeam "St POelten"]
[BlackTeam "1 Wr NeustAedter SV"]

1.e4 c5 2.Nf3 d6 3.d4 cxd4 4.Nxd4 Nf6 5.Nc3 a6 6.Be2 e6 7.O-O Be7 8.Be3 O-O 9.f4
Nc6 10.Kh1 Nxd4 11.Bxd4 b5 12.e5 dxe5 13.fxe5 Nd7 14.Bf3 Rb8 15.Qe2 Qc7 16.Rae1
Bc5 17.Bxc5 Qxc5 18.Be4 b4 19.Bxh7+ Kxh7 20.Qh5+ Kg8 21.Ne4 Qxe5 22.Ng5 Nf6
23.Qh4 Qxb2 24.Rxf6 Qxc2 25.Ne4 Bb7 26.Rf2 Bxe4 27.Rxc2 Bxc2 28.Qf4 a5 29.h4 a4
30.Rc1 b3 31.Qxa4 Ra8 32.Qc6 Rfc8 33.Qd7 b2 34.Rf1 Bg6 35.h5 Rc1 36.hxg6

[Event "AUT_2BO_200607"]
[Site "6 810Zwettl,4 511Bruck/L,2"]
[Date "2006.11.05"]
[Round "5"]
[Board "5"]
[White "Sekyra, Michael"]
[Black "Wiedner, Robert"]
[Result "1-0"]
[WhiteElo "2113"]
[BlackElo "2130"]
[PlyCount "51"]
[EventDate "2006.10.06"]
[EventType "team"]
[EventRounds "11"]
[EventCountry "AUT"]
[WhiteTeam "St POelten"]
[BlackTeam "1 Wr NeustAedter SV"]

1.e4 c5 2.Nf3 d6 3.d4 cxd4 4.Nxd4 a6 5.Be3 Nf6 6.Nc3 e5 7.Nb3 Be6 8.f3 d5 9.exd5
Nxd5 10.Nxd5 Bxd5 11.Qd2 Be7 12.O-O-O Bc6 13.Qf2 Nd7 14.Nc5 Qa5 15.Nxd7 Bxd7
16.Bc4 Bc6 17.h4 O-O 18.h5 Rfd8 19.Rxd8+ Qxd8 20.f4 e4 21.h6 g6 22.f5 Bd5 23.Rd1
Bxc4 24.Rxd8+ Rxd8 25.Qf4 Bf8 26.Qc7

[Event "AUT_2BO_200607"]
[Site "6 810Zwettl,4 511Bruck/L,2"]
[Date "2006.11.05"]
[Round "5"]
[Board "6"]
[White "Giessmann, Andreas"]
[Black "Pernerstorfer, Johannes"]
[Result "1-0"]
[WhiteElo "2089"]
[BlackElo "2122"]
[PlyCount "83"]
[EventDate "2006.10.06"]
[EventType "team"]
[EventRounds "11"]
[EventCountry "AUT"]
[WhiteTeam "1 Wr NeustAedter SV"]
[BlackTeam "St POelten"]

1.c4 Nf6 2.g3 e5 3.Bg2 Bc5 4.Nc3 O-O 5.Nf3 d6 6.O-O a5 7.d4 exd4 8.Nxd4 c6 9.h3
Nbd7 10.b3 Re8 11.Bb2 Nb6 12.Rc1 a4 13.Kh2 axb3 14.axb3 Ba3 15.Rc2 Bxb2 16.Rxb2
d5 17.Rd2 Qe7 18.cxd5 Nbxd5 19.Nxd5 Nxd5 20.Bxd5 cxd5 21.e3 Ra6 22.Kg2 Rh6
23.Rh1 Qd7 24.g4 Rg6 25.Ne2 b5 26.Nf4 Rd6 27.Rd4 Bb7 28.b4 Re4 29.Qd2 f5 30.g5
Qe7 31.h4 Ra6 32.Kg3 h6 33.g6 Qc7 34.Kh3 Ra3 35.Rxe4 fxe4 36.Kg2 Qd7 37.Rh3 Qg4+
38.Rg3 Qxh4 39.Qc1 Ra8 40.Qc7 Bc8 41.Qf7+ Kh8 42.Qf8#

[Event "AUT_2BO_200607"]
[Site "6 810Zwettl,4 511Bruck/L,2"]
[Date "2007.01.20"]
[Round "6"]
[Board "1"]
[White "Papp, Gabor"]
[Black "Timoscenko, Gennadij"]
[Result "1/2-1/2"]
[WhiteElo "2466"]
[BlackElo "2495"]
[PlyCount "75"]
[EventDate "2006.10.06"]
[EventType "team"]
[EventRounds "11"]
[EventCountry "AUT"]
[WhiteTeam "ASVOe SK Mattersburg"]
[BlackTeam "1 Wr NeustAedter SV"]

1.e4 e5 2.Nf3 Nc6 3.Bb5 a6 4.Ba4 Nf6 5.O-O Be7 6.Re1 b5 7.Bb3 d6 8.c3 O-O 9.d4
Bg4 10.Be3 exd4 11.cxd4 Na5 12.Bc2 Nc4 13.Bc1 c5 14.b3 Nb6 15.Bb2 Nfd7 16.Nbd2
Re8 17.h3 Bh5 18.e5 cxd4 19.g4 Bg6 20.e6 fxe6 21.Bxg6 hxg6 22.Rxe6 Bf6 23.Rxe8+
Qxe8 24.Nxd4 Nc5 25.N2f3 Ne6 26.Qd2 Nxd4 27.Bxd4 Qe4 28.Bxf6 Qxf3 29.Bb2 Nd5
30.Qd4 Qf7 31.Re1 Rf8 32.Re4 b4 33.Re2 Nf4 34.Re3 Qb7 35.f3 Nd5 36.Rd3 Nf4
37.Re3 Nd5 38.Rd3

[Event "AUT_2BO_200607"]
[Site "6 810Zwettl,4 511Bruck/L,2"]
[Date "2007.01.20"]
[Round "6"]
[Board "2"]
[White "Schroll, Gerhard"]
[Black "Petrik, Tomas"]
[Result "1/2-1/2"]
[WhiteElo "2377"]
[BlackElo "2544"]
[PlyCount "124"]
[EventDate "2006.10.06"]
[EventType "team"]
[EventRounds "11"]
[EventCountry "AUT"]
[WhiteTeam "1 Wr NeustAedter SV"]
[BlackTeam "ASVOe SK Mattersburg"]

1.d4 e6 2.Nf3 Nf6 3.c4 b6 4.Bf4 Bb7 5.e3 Nc6 6.Be2 Ne7 7.h3 Ng6 8.Bh2 Bd6 9.Bxd6
cxd6 10.Nc3 O-O 11.O-O d5 12.cxd5 Nxd5 13.Nxd5 Bxd5 14.Nd2 Rc8 15.Bf3 Qg5 16.Ne4
Bxe4 17.Bxe4 f5 18.f4 Qe7 19.Bd3 Qb4 20.Qe2 Rc7 21.Ba6 d5 22.Rfc1 Rff7 23.a3 Qd6
24.Qd2 Nf8 25.Bd3 h6 26.Rxc7 Rxc7 27.Rc1 g5 28.Rxc7 Qxc7 29.g3 h5 30.Qc2 Qg7
31.Qf2 Nh7 32.Kh2 Nf6 33.fxg5 Qxg5 34.Qf4 Qxf4 35.gxf4 h4 36.Kg2 Kf7 37.Kf2 Ke7
38.Ke1 Kd6 39.Kd2 Kc6 40.Kc3 Ne8 41.b3 Nd6 42.a4 Kb7 43.Kb4 a6 44.Kc3 b5 45.a5
Kc7 46.Bc2 Kc6 47.Bd3 Nb7 48.Kb4 Kc7 49.Be2 Nd8 50.Kc3 Nc6 51.b4 Ne7 52.Kd3 Nc8
53.Bf3 Nd6 54.Kc3 Kc6 55.Kd3 Nc4 56.Bh5 Kc7 57.Bf3 Kd7 58.Bh5 Nd6 59.Bf3 Ne8
60.Kc3 Nf6 61.Kd3 Kc7 62.Kc3 Kc6

[Event "AUT_2BO_200607"]
[Site "6 810Zwettl,4 511Bruck/L,2"]
[Date "2007.01.20"]
[Round "6"]
[Board "3"]
[White "Petran, Peter"]
[Black "Steiner, Bruno"]
[Result "1-0"]
[WhiteElo "2320"]
[BlackElo "2259"]
[PlyCount "91"]
[EventDate "2006.10.06"]
[EventType "team"]
[EventRounds "11"]
[EventCountry "AUT"]
[WhiteTeam "ASVOe SK Mattersburg"]
[BlackTeam "1 Wr NeustAedter SV"]

1.g3 e5 2.c4 Nc6 3.Bg2 g6 4.Nc3 Bg7 5.e3 d6 6.Nge2 Be6 7.Nd5 Qd7 8.d3 Nd8 9.h3
c6 10.Ndc3 Ne7 11.b3 O-O 12.e4 f5 13.exf5 Bxf5 14.Be3 d5 15.Bc5 d4 16.Ne4 Ne6
17.Bxe7 Qxe7 18.O-O Bh6 19.a3 Rf7 20.b4 Raf8 21.Nc1 Qd7 22.h4 Qe7 23.c5 Bxe4
24.dxe4 Ng7 25.Nd3 Qe6 26.Kh2 g5 27.Bh3 Qe8 28.hxg5 Bxg5 29.Kg2 Bf6 30.Qb3 Kh8
31.Bg4 Re7 32.Qd1 Qg6 33.Qe2 Kg8 34.Rh1 Bg5 35.a4 Qf6 36.b5 Qf7 37.Qa2 Qxa2
38.Rxa2 Kf7 39.Rxh7 Kg6 40.Rh1 Rd8 41.bxc6 bxc6 42.Rb2 Bf6 43.Rhb1 Kg5 44.Bh3
Ree8 45.Rb7 a5 46.R1b6

[Event "AUT_2BO_200607"]
[Site "6 810Zwettl,4 511Bruck/L,2"]
[Date "2007.01.20"]
[Round "6"]
[Board "4"]
[White "Posch, Werner"]
[Black "Brod, Manfred"]
[Result "1-0"]
[WhiteElo "2225"]
[BlackElo "2258"]
[PlyCount "71"]
[EventDate "2006.10.06"]
[EventType "team"]
[EventRounds "11"]
[EventCountry "AUT"]
[WhiteTeam "1 Wr NeustAedter SV"]
[BlackTeam "ASVOe SK Mattersburg"]

1.e4 e6 2.d3 d5 3.Nd2 Nf6 4.Ngf3 b6 5.e5 Nfd7 6.d4 c5 7.c3 Ba6 8.Be2 Bxe2 9.Qxe2
Nc6 10.O-O Be7 11.Re1 a6 12.Nf1 b5 13.Ng3 h5 14.Qe3 cxd4 15.cxd4 Nb4 16.Re2 Rc8
17.Qb3 Nb6 18.a3 Nc6 19.Bd2 g5 20.Qd3 Nc4 21.b3 g4 22.Ne1 Nxd2 23.Rxd2 Bg5
24.Rc2 f5 25.Nxf5 exf5 26.Qxf5 Rg8 27.Qh7 Kf8 28.f4 Nxd4 29.fxg5 Nxc2 30.Nxc2
Qb6+ 31.Kh1 Qg6 32.Qd7 Rc3 33.Rf1+ Rf3 34.gxf3 Qd3 35.Ne3 g3 36.Rc1

[Event "AUT_2BO_200607"]
[Site "6 810Zwettl,4 511Bruck/L,2"]
[Date "2007.01.20"]
[Round "6"]
[Board "5"]
[White "Riedner, Martin"]
[Black "Todor, Razvan"]
[Result "1/2-1/2"]
[WhiteElo "2175"]
[BlackElo "2185"]
[PlyCount "40"]
[EventDate "2006.10.06"]
[EventType "team"]
[EventRounds "11"]
[EventCountry "AUT"]
[WhiteTeam "ASVOe SK Mattersburg"]
[BlackTeam "1 Wr NeustAedter SV"]

1.d4 Nf6 2.c4 g6 3.g3 Bg7 4.Bg2 d5 5.Nf3 O-O 6.O-O c6 7.Ne5 Be6 8.b3 Nfd7 9.Nxd7
Qxd7 10.c5 Na6 11.Ba3 Bg4 12.f3 Bh3 13.Nc3 e5 14.dxe5 Bxe5 15.Rc1 Bxg2 16.Kxg2
Nc7 17.Ne4 Nb5 18.Bb4 Qe7 19.Nf2 Bg7 20.Bd2 Rfe8

[Event "AUT_2BO_200607"]
[Site "6 810Zwettl,4 511Bruck/L,2"]
[Date "2007.01.20"]
[Round "6"]
[Board "6"]
[White "Wiedner, Robert"]
[Black "Savio, Alfred Jun"]
[Result "1-0"]
[WhiteElo "2130"]
[BlackElo "2060"]
[PlyCount "61"]
[EventDate "2006.10.06"]
[EventType "team"]
[EventRounds "11"]
[EventCountry "AUT"]
[WhiteTeam "1 Wr NeustAedter SV"]
[BlackTeam "ASVOe SK Mattersburg"]

1.Nf3 Nf6 2.c4 c6 3.e3 d5 4.Nc3 e6 5.b3 Nbd7 6.Bb2 Bd6 7.Be2 O-O 8.d3 Re8 9.e4
b6 10.O-O Bb7 11.Qc2 Rc8 12.Rfe1 e5 13.h3 b5 14.exd5 bxc4 15.dxc6 cxd3 16.Bxd3
Bxc6 17.Nd2 Nc5 18.Bf5 Ne6 19.Qd3 Nf4 20.Qa6 Bb4 21.Qxc8 Qxd2 22.Qxc6 Qxb2
23.Ne4 Rf8 24.Nxf6+ gxf6 25.Rab1 Qd2 26.Re4 Bc3 27.Qxf6 Bd4 28.Rf1 Rb8 29.g3 Ng6
30.Bxg6 hxg6 31.Rh4

[Event "AUT_2BO_200607"]
[Site "6 810Zwettl,4 511Bruck/L,2"]
[Date "2007.01.20"]
[Round "6"]
[Board "1"]
[White "Blatny, Pavel"]
[Black "Denk, Adolf"]
[Result "1-0"]
[WhiteElo "2447"]
[BlackElo "2294"]
[PlyCount "105"]
[EventDate "2006.10.06"]
[EventType "team"]
[EventRounds "11"]
[EventCountry "AUT"]
[WhiteTeam "SK Zwettl"]
[BlackTeam "St POelten"]

1.b3 c5 2.e4 Nc6 3.Bb2 d6 4.f4 Nf6 5.Nc3 g6 6.Nd5 Bg7 7.Nxf6+ Bxf6 8.Bxf6 exf6
9.Nf3 Qe7 10.Bd3 Bg4 11.h3 Bxf3 12.Qxf3 d5 13.O-O Nd4 14.Qf2 dxe4 15.Bxe4 O-O-O
16.Rae1 Qd6 17.c3 Ne6 18.f5 Ng5 19.Bb1 gxf5 20.Bxf5+ Kb8 21.Re2 Rhg8 22.Qf4 Qxf4
23.Rxf4 Rge8 24.Rxe8 Rxe8 25.Kf2 Kc7 26.Bd3 Rd8 27.Ke2 Rd6 28.Rh4 Kd7 29.Bxh7
Ke6 30.Bd3 Ke5 31.Ra4 a6 32.h4 Ne6 33.Re4+ Kd5 34.Re3 Kc6 35.Rf3 Ng7 36.g4 Kd7
37.Re3 f5 38.Bxf5+ Nxf5 39.gxf5 Rh6 40.Rh3 Rh5 41.Ke3 Ke7 42.Ke4 Kf6 43.d4 cxd4
44.cxd4 Rh8 45.d5 Re8+ 46.Kd4 Kxf5 47.Rf3+ Kg6 48.d6 f5 49.Kd5 Re2 50.d7 Rd2+
51.Ke6 Re2+ 52.Kd6 Rd2+ 53.Kc7

[Event "AUT_2BO_200607"]
[Site "6 810Zwettl,4 511Bruck/L,2"]
[Date "2007.01.20"]
[Round "6"]
[Board "2"]
[White "Roehrl, Karl"]
[Black "Holemar, David"]
[Result "1/2-1/2"]
[WhiteElo "2307"]
[BlackElo "2270"]
[PlyCount "37"]
[EventDate "2006.10.06"]
[EventType "team"]
[EventRounds "11"]
[EventCountry "AUT"]
[WhiteTeam "St POelten"]
[BlackTeam "SK Zwettl"]

1.d4 Nf6 2.Nf3 g6 3.g3 Bg7 4.Bg2 c5 5.c3 O-O 6.O-O d5 7.h3 cxd4 8.cxd4 Nc6 9.e3
Bf5 10.Nc3 Ne4 11.Nxe4 Bxe4 12.Bd2 Qb6 13.Bc3 Rfc8 14.Qd2 e6 15.Rfc1 a5 16.Ne1
Bxg2 17.Kxg2 a4 18.Nd3 Bf8 19.Rc2

[Event "AUT_2BO_200607"]
[Site "6 810Zwettl,4 511Bruck/L,2"]
[Date "2007.01.20"]
[Round "6"]
[Board "3"]
[White "Vyskocil, Neklan"]
[Black "Winiwarter, Felix"]
[Result "1-0"]
[WhiteElo "2374"]
[BlackElo "2181"]
[PlyCount "69"]
[EventDate "2006.10.06"]
[EventType "team"]
[EventRounds "11"]
[EventCountry "AUT"]
[WhiteTeam "SK Zwettl"]
[BlackTeam "St POelten"]

1.c4 e6 2.d4 c5 3.Nf3 Nf6 4.Nc3 d5 5.cxd5 Nxd5 6.e4 Nxc3 7.bxc3 cxd4 8.cxd4 Bb4+
9.Bd2 Bxd2+ 10.Qxd2 O-O 11.Bc4 Nc6 12.O-O b6 13.Rad1 Bb7 14.Qf4 Na5 15.Bd3 Qf6
16.Qe3 h6 17.Ne5 Rfd8 18.f4 Nc6 19.Nxc6 Bxc6 20.Bc2 Rac8 21.Rf3 g6 22.Rh3 Qg7
23.Bb3 Rc7 24.f5 exf5 25.exf5 g5 26.Rc1 Re8 27.Qf2 Qf6 28.Rhc3 Rcc8 29.Ba4 Bxa4
30.Rxc8 Rxc8 31.Rxc8+ Kg7 32.Rc1 Bc6 33.Qe3 Bd5 34.Qe5 Bxa2 35.Ra1

[Event "AUT_2BO_200607"]
[Site "6 810Zwettl,4 511Bruck/L,2"]
[Date "2007.01.20"]
[Round "6"]
[Board "5"]
[White "Lipp, Alfred"]
[Black "Sekyra, Michael"]
[Result "0-1"]
[WhiteElo "2174"]
[BlackElo "2113"]
[PlyCount "68"]
[EventDate "2006.10.06"]
[EventType "team"]
[EventRounds "11"]
[EventCountry "AUT"]
[WhiteTeam "SK Zwettl"]
[BlackTeam "St POelten"]

1.c4 e5 2.Nc3 Nf6 3.Nf3 Nc6 4.g3 Bb4 5.Bg2 O-O 6.O-O e4 7.Ng5 Bxc3 8.bxc3 Re8
9.d3 exd3 10.exd3 d6 11.Rb1 Ne5 12.f4 Ned7 13.Ba3 h6 14.Ne4 Nxe4 15.Bxe4 Rb8
16.Qf3 Nf6 17.Bxb7 Bg4 18.Qf2 Be2 19.Bc6 Bxf1 20.Rxf1 Re6 21.Qxa7 Rb6 22.Bf3 Qe7
23.Kf2 Nd7 24.Qxc7 Rb8 25.Bg4 Re8 26.Bxe6 Qxe6 27.Qxd6 Qh3 28.Rh1 Nf6 29.Bc5
Ng4+ 30.Kf3 Qh5 31.Qd5 Nxh2+ 32.Kg2 Qe2+ 33.Bf2 Ng4 34.Rf1 Ne3+

[Event "AUT_2BO_200607"]
[Site "6 810Zwettl,4 511Bruck/L,2"]
[Date "2007.01.20"]
[Round "6"]
[Board "6"]
[White "Sturzeis, Roman"]
[Black "Hangweyrer, Roman"]
[Result "1-0"]
[WhiteElo "2087"]
[BlackElo "2188"]
[PlyCount "119"]
[EventDate "2006.10.06"]
[EventType "team"]
[EventRounds "11"]
[EventCountry "AUT"]
[WhiteTeam "St POelten"]
[BlackTeam "SK Zwettl"]

1.e4 c5 2.b3 Nc6 3.Bb2 e5 4.f4 d6 5.Nf3 Nf6 6.fxe5 dxe5 7.Bb5 Bd7 8.Bxc6 Bxc6
9.O-O Bd6 10.d3 Qc7 11.Nbd2 b5 12.a4 O-O 13.axb5 Bxb5 14.Nc4 Bxc4 15.bxc4 Rfb8
16.Bc3 a5 17.Ra4 Ng4 18.Qa1 Ra6 19.Qa2 Rba8 20.h3 Nf6 21.Qa1 Nd7 22.Ng5 f6
23.Nf3 Qc6 24.Rb1 Nb6 25.Rxa5 Rxa5 26.Bxa5 Nc8 27.Rb5 Bc7 28.Qc3 Nd6 29.Bxc7
Nxb5 30.cxb5 Qxc7 31.Nd2 Qd6 32.Nb3 Rc8 33.Qc4+ Kf8 34.c3 Rc7 35.Na5 Rd7 36.Nc6
Qxd3 37.Qxc5+ Qd6 38.Qxd6+ Rxd6 39.c4 Ke8 40.Kf2 Kd7 41.Ke3 Rd1 42.c5 Kc7 43.Ne7
Rc1 44.Nd5+ Kc8 45.c6 Rc5 46.Ne7+ Kc7 47.Nd5+ Kc8 48.Kd3 h5 49.Nc3 h4 50.Kc2 Rc4
51.Kb3 Rd4 52.Nd5 Rd1 53.Kb4 f5 54.b6 Rb1+ 55.Kc5 Rc1+ 56.Kd6 fxe4 57.b7+ Kb8
58.Nb6 Rd1+ 59.Kxe5 Kc7 60.Kxe4

[Event "AUT_2BO_200607"]
[Site "6 810Zwettl,4 511Bruck/L,2"]
[Date "2007.01.20"]
[Round "6"]
[Board "1"]
[White "Ganaus, Hannes"]
[Black "Varga, Zoltan"]
[Result "1/2-1/2"]
[WhiteElo "2326"]
[BlackElo "2508"]
[PlyCount "27"]
[EventDate "2006.10.06"]
[EventType "team"]
[EventRounds "11"]
[EventCountry "AUT"]
[WhiteTeam "SPG Data Technology Eichgraben/Pressbaum"]
[BlackTeam "ASVOe SK Lackenbach"]

1.d4 d5 2.c4 dxc4 3.e3 e6 4.Bxc4 a6 5.Nf3 Nf6 6.a4 c5 7.O-O Nc6 8.Qe2 Qc7 9.Nc3
Bd6 10.Bd2 O-O 11.Rac1 Re8 12.dxc5 Bxc5 13.Ng5 b6 14.Bd3

[Event "AUT_2BO_200607"]
[Site "6 810Zwettl,4 511Bruck/L,2"]
[Date "2007.01.20"]
[Round "6"]
[Board "2"]
[White "Hagara, Eduard"]
[Black "Neumeier, Klaus"]
[Result "1/2-1/2"]
[WhiteElo "2383"]
[BlackElo "2289"]
[PlyCount "75"]
[EventDate "2006.10.06"]
[EventType "team"]
[EventRounds "11"]
[EventCountry "AUT"]
[WhiteTeam "ASVOe SK Lackenbach"]
[BlackTeam "SPG Data Technology Eichgraben/Pressbaum"]

1.e4 e5 2.Nf3 Nc6 3.Bb5 a6 4.Bxc6 dxc6 5.O-O Bg4 6.h3 h5 7.d3 Qf6 8.Nbd2 Ne7
9.Re1 Ng6 10.d4 Nf4 11.dxe5 Qg6 12.Nh4 Bxd1 13.Nxg6 Nxg6 14.Rxd1 O-O-O 15.Re1
Nxe5 16.Nf3 Nxf3+ 17.gxf3 Bc5 18.Kf1 Rhe8 19.Be3 Bxe3 20.fxe3 g5 21.Ke2 g4
22.hxg4 hxg4 23.Rad1 gxf3+ 24.Kxf3 Rh8 25.Rxd8+ Kxd8 26.Ke2 Ke7 27.Kd3 Rd8+
28.Kc3 Rd6 29.Rf1 Re6 30.Rf4 f6 31.Rh4 c5 32.Rh7+ Kd6 33.Rf7 b5 34.Kd3 Ke5
35.Rxc7 c4+ 36.Ke2 Kxe4 37.Rc5 f5 38.a4